Porovnanie kryštalografickej textúry liatej a tvárnenej zliatiny na báze Zn
Gespeichert in:
| 1. Verfasser: | |
|---|---|
| Weitere Verfasser: | |
| Format: | Manuskript Buch |
| Sprache: | Slowakisch |
| Veröffentlicht: |
2022
|
| Schlagworte: | |
| Online-Zugang: | http://is.stuba.sk/zp/portal_zp.pl?podrobnosti=164371 |
| Tags: |
Keine Tags, Fügen Sie das erste Tag hinzu!
|
MARC
| LEADER | 00000ntm a22000003a 4500 | ||
|---|---|---|---|
| 001 | stuzp90051 | ||
| 003 | SK-STU | ||
| 005 | 20220611213240.1 | ||
| 007 | ta | ||
| 008 | 150427s2015----xo-----f-mn---000-0-slo-d | ||
| 040 | |a STU |b slo | ||
| 041 | 0 | |a slo | |
| 100 | 1 | |a Praslička, Adam |u 061000 |k Z4 |4 aut |U MTF Materiálovotechnologická fakulta |T MTF Ústav materiálov |X 82838 |U M1000 |Y 81 |7 82838 | |
| 242 | 0 | 1 | |a Comparison of crystallographic texture of cast and deformed Zn-based alloy |y eng |
| 245 | 1 | 0 | |a Porovnanie kryštalografickej textúry liatej a tvárnenej zliatiny na báze Zn |
| 260 | |c 2022 | ||
| 650 | 4 | |a plastická deformácia |2 slo | |
| 650 | 4 | |a Zinok |2 slo | |
| 650 | 4 | |a RTG difrakcia |2 slo | |
| 650 | 4 | |a ECAP |2 slo | |
| 650 | 4 | |a odlievanie |2 slo | |
| 650 | 4 | |a kryštalografická textúra |2 slo | |
| 650 | 4 | |a Zinc |2 eng | |
| 650 | 4 | |a ECAP |2 eng | |
| 650 | 4 | |a RTG diffraction |2 eng | |
| 650 | 4 | |a plastic deformation |2 eng | |
| 650 | 4 | |a casting |2 eng | |
| 650 | 4 | |a crystallographic texture |2 eng | |
| 700 | 1 | |a Kusý, Martin |u 061000 |k Z1 |4 ths |U MTF Materiálovotechnologická fakulta |T MTF Ústav materiálov |X 2764 |U M1000 |Y 81 |7 A000002764 | |
| 856 | 4 | |u http://is.stuba.sk/zp/portal_zp.pl?podrobnosti=164371 | |
| 996 | |c M* DP-15007 |l MMSKP |s P |a 0 |w stuzp90051_0001 | ||